000 01121cam a2200289 i 4500
001 bg
003 KOSZ 005
005 20200703130238.0
008 960808s 199 pl a f |000 0 pol d
040 _cBPK
041 _apol
_beng
_brus
080 _a666.97
100 1 _aKról, Mieczysław
_d(1932-2009)
_eAutor
245 0 _aStruktura i właściwości wytrzymałościowe młodego betonu /
_cMieczysław Król.
260 _aLublin :
_bWydaw. Uczelniane Politech. Lubelskiej,
_c1990.
300 _a150 s. :
_bil. ;
_c24 cm.
490 1 _aPrace Naukowe Politechniki Lubelskiej ;
_v205.
490 1 _aPrace Naukowe Politechniki Lubelskiej. Budownictwo ;
_v35.
500 _aNr w serii gł.: 205.
504 _aBiblior.
650 4 _aBeton cementowy
710 2 _aPolitechnika Lubelska.
_bWydawnictwo Uczelniane.
_4pbl.
830 0 _aPrace Naukowe Politechniki Lubelskiej ;
_v205.
830 0 _aPrace Naukowe Politechniki Lubelskiej.
_pBudownictwo ;
_v25.
856 _uhttp://koha.tu.koszalin.pl/cgi-bin/koha/opac-detail.pl?biblionumber=29517
_yKatalog online BPK
942 _cKS
_2UKD
999 _c29517
_d29517